LEADER 01397oam 22004574a 450 001 9910480514003321 005 20170918204635.0 010 $a1-5261-0223-4 035 $a(CKB)3710000000529314 035 $a(SSID)ssj0001595982 035 $a(PQKBManifestationID)16296238 035 $a(PQKBTitleCode)TC0001595982 035 $a(PQKBWorkID)14885027 035 $a(PQKB)10166259 035 $a(MiAaPQ)EBC4713677 035 $a(OCoLC)982026469 035 $a(MdBmJHUP)muse59543 035 $a(EXLCZ)993710000000529314 100 $a20170321d2016 uy 0 101 0 $aeng 135 $aurcnu|||||||| 181 $ctxt 182 $cc 183 $acr 200 10$aA most diabolical deed'$eInfanticide and Irish society, 1850?1900 210 1$a[Place of publication not identified] :$cManchester Univ Press,$d2016. 210 3$aBaltimore, Md. :$cProject MUSE, $d2017 210 4$d©2016. 215 $a1 online resource (305 pages) $cillustrations 300 $aBibliographic Level Mode of Issuance: Monograph 311 $a0-7190-8820-8 320 $aIncludes bibliographical references and index. 608 $aElectronic books. 676 $a364.1523 700 $aFarrell$b Elaine$01055356 801 0$bMdBmJHUP 801 1$bMdBmJHUP 906 $aBOOK 912 $a9910480514003321 996 $aA most diabolical deed$92488700 997 $aUNINA LEADER 01210nam a2200265 i 4500 001 991000852049707536 008 100916s19881989it 000 0 ita 035 $ab1392171x-39ule_inst 040 $aDip.to Studi Storici$bita 082 04$a945.18 110 2 $aConvegno storico savonese$n<5. ;$d1985 ;$cSavona>$0473541 245 10$a5. Convegno storico savonese :$bL'etą dei Della Rovere : Savona, 7-10 novembre 1985 246 13$aL'etą dei Della Rovere 260 $aSavona :$b[s. n.],$c1988-1989$e(Savona :$fPriamar) 300 $a2 v. ; 24 cm. 440 0$aAtti e memorie.$nN. S. / Societą savonese di storia patria ;$v24-25 500 $aIn testa al front.: Societą savonese di storia patria, comune di Savona 651 4$aSavona$xStoria$y1471-1513 907 $a.b1392171x$b02-04-14$c16-09-10 912 $a991000852049707536 945 $aLE023 945.18 CON 1 1.1$g1$i2023000152409$lle023$o-$pE0.00$q-$rl$s- $t0$u0$v0$w0$x0$y.i15171218$z16-09-10 945 $aLE023 945.18 CON 1 1.2$g1$i2023000152416$lle023$o-$pE0.00$q-$rl$s- $t0$u0$v0$w0$x0$y.i1517122x$z16-09-10 996 $a5. Convegno storico savonese$9249437 997 $aUNISALENTO 998 $ale023$b16-09-10$cm$da $e-$fita$git $h0$i0